000 00735nam a2200205 a 4500
001 000026535
005 20200930030255.0
008 100219s2002 dr 000 0 spa d
040 _aDO-SdBNP
_bspa
_cBNPHU
082 _a342.729302
_bR426co, 2002
110 1 _aRepública Dominicana.
_9447
240 1 3 _aConstitución (2002)
245 1 0 _aConstitución de la República Dominicana :
_bproclamada el 25 de julio de 2002.
260 _aMoca, República Dominicana :
_bDalis,
_c2002.
300 _a50 p. ;
_c20 cm.
590 _aInventariado, 2018/ YL
651 4 _aRepública Dominicana
_xConstitución (2002{Rpara}
_910514
651 4 _aRepública Dominicana
_zDerecho Constitucional
_9449
910 _aValidado. Control de calidad EMS
999 _c26027
_d26027